| 000 | 01247cam a22002651 4500 | ||
|---|---|---|---|
| 001 | he 67000078 | ||
| 003 | DLC | ||
| 005 | 20260227111443.0 | ||
| 008 | 851001s1966 is a b 000 0 eng | ||
| 010 | _ahe 67000078 //r943 | ||
| 040 |
_aDLC/ICU _cICU _dDLC |
||
| 041 | 1 | _aengrus | |
| 050 | 0 | 0 |
_aTJ140.N3 _bD323 |
| 100 | 1 |
_aDanilevskiĭ, V. V. _q(Viktor Vasilʹevich), _d1898-1960. |
|
| 240 | 1 | 0 |
_aNartov i "I͡Asnoe zrelishche mashin." _lEnglish |
| 245 | 1 | 0 |
_aNartov and his Theatrum machinarum. _b(Nartov i "Yasnoe zrelishche mashin") _cEdited by A.S. Britkin. Translated from Russian [and edited by IPST staff]. |
| 260 |
_aJerusalem, _bIsrael Program for Scientific Translations; _b[available from the U.S. Dept. of Commerce, Clearinghouse for Federal Scientific and Technical Information, Springfield, Va.] _c1966. |
||
| 300 |
_axii, 307 p. _billus. _c24 cm. |
||
| 500 | _aPublished for the Smithsonian Institution and the National Science Foundation, Washington, D.C. | ||
| 504 | _aIncludes bibliographical references. | ||
| 600 | 1 | 0 |
_aNartov, Andreĭ Konstantinovich, _d1693-1756. _tTeatrum makhinarum. |
| 710 | 2 | 0 | _aSmithsonian Institution. |
| 710 | 2 | 0 | _aNational Science Foundation (U.S.) |
| 740 | 0 | 1 | _aNartov i "Yasnoe zrelishche mashin". |
| 999 |
_c32078 _d32078 |
||